Pohjanmaan jalkapalloseurat - Statistics

Yleistilastot
  • Tätä visaa on pelattu 48 kertaa
  • Keskiarvotulos 10 / 38
Vastaustilastot
Kunta Sarja Joukkue % Oikein
Pietarsaari Veikkausliiga FF Jaro
100%
Vaasa Veikkausliiga VPS
100%
Vaasa Kakkonen Vasa IFK
73%
Närpiö Kakkonen Närpes Kraft
60%
Pietarsaari Kakkonen JBK
53%
Luoto Kolmonen Larsmo BK
53%
Kruunupyy Nelonen IK Myran
47%
Laihia Vitonen Laihian Luja
40%
Pedersöre Nelonen Esse IK
33%
Kruunupyy Kutonen Hovsala BK
33%
Pedersöre Nelonen Pedersöre FF
33%
Kristiinankaupunki Kolmonen Sporting Kristina
33%
Mustasaari Vitonen FC KoMu
27%
Maalahti Nelonen Malax IF
27%
Uusikaarlepyy Nelonen Nykarleby IK
27%
Vaasa Kolmonen Sundom IF
27%
Kruunupyy Kutonen Terjärv US
27%
Vaasa Kolmonen Vaasan PV
27%
Vaasa Nelonen BK-48
20%
Vaasa Kolmonen FC Kiisto
20%
Mustasaari Kutonen FC Kuffen
20%
Kaskinen Nelonen Kaskö IK
20%
Mustasaari Nelonen Kungliga Wasa C.F.
20%
Mustasaari Kutonen Solf IK
20%
Vaasa Nelonen Akademisk BC
13%
Pedersöre Vitonen IF Standard
13%
Vöyri Nelonen Norrvalla FF
13%
Pedersöre Nelonen Pedesi Vikings
13%
Vaasa Vitonen Suvilahden Sisu
13%
Vaasa Kutonen Vähänkyrön Viesti
13%
Korsnäs Kutonen Korsnäs BK
7%
Korsnäs Kolmonen Korsnäs FF
7%
Laihia Kutonen Laihia United
7%
Uusikaarlepyy Kutonen Munsala United
7%
Mustasaari Nelonen IF Hoppet
0%
Kristiinankaupunki Kutonen Lapp BK
0%
Maalahti Vitonen Petalax IK
0%
Närpiö Vitonen Töjby FC
0%
Ehtoja vastaavia visoja ei löytynyt
Tulosjakauma
Jokaisen tuloksen saaneiden osuus
Persentiili vastausten määrän mukaan
Tuloshistoriasi
Et ole pelannut tätä visaa